00374 2200133 4500245009500000250001100095100002000106650002800126005001900154260003300173041001400206084001100220336000900231 aKamus Lengkap 950 Milyard Inggris - Indonesia ; Indonesia - InggriscAndre WicaksonohText aCet. 1 aAndre Wicaksono aKamus Inggris Indonesia a20230412124932 aJakartabPustaka Sandro Jaya aIndonesia a413.21 atext